000 00602nam a22001817a 4500
005 20250404131730.0
008 250404b |||||||| |||| 00| 0 eng d
020 _a1854310585
050 _aKD3305
_b.C34 1990
100 _aBridge A. Jane
245 _aBlackstone's guide to the children Act 1989
_bincludes a copy of the Act
_cBridge A. Jane, Stuart Bridge, Susan Luke
260 _aGreat Britain
_bBlackstone press limited
_cC1990
300 _avi,375p;
500 _aincludes index
650 _2children's Act
_zLondon
700 _aBridge A. Jane, Stuart Bridge, Susan Luke
942 _2lcc
_cBK
_n0
999 _c5348
_d5348